[Event "DVM U14 2018"]
[Site "Magdeburg GER"]
[Date "2018.12.29"]
[Round "5"]
[White "Eberwein, Leander"]
[Black "Högner, Tom"]
[Result "1-0"]
[Termination "normal"]
[Board "8.2"]
[WhiteElo "1332"]
[BlackElo "1880"]
[WhiteTeam "SF Brackel"]
[BlackTeam "SC Erlangen"]
[PlyCount "63"]
[WhiteFideId "16274954"]
[BlackFideId "12995436"]
[EventCountry "GER"]
[EventRounds "7"]
[EventType "team-swiss"]
[EventDate "2018.12.26"]

1. e4 e5 2. Nf3 Nc6 3. d4 exd4 4. Nxd4 Bc5 5. Be3 Qf6 6. Nb5 Bxe3 7. fxe3 Qd8
8. Qg4 g6 9. Qf4 d6 10. Bc4 Ne5 11. Rf1 Qe7 12. N1c3 c6 13. Bxf7+ Nxf7 14.
Qxf7+ Kd7 15. Nd4 Nh6 16. Qf4 g5 17. Qf3 Kc7 18. Nf5 Qe6 19. Nxh6 Qxh6 20. Qf6
Qh4+ 21. g3 Qxh2 22. Qxh8 Qxg3+ 23. Kd2 Qg2+ 24. Kd3 c5 25. Nd5+ Kc6 26. Qe8+
Bd7 27. Qxa8 c4+ 28. Kc3 Qxe4 29. Nb4+ Kb6 30. Qd8+ Kc5 31. Qxg5+ d5 32. Qxd5+
1-0

[Event "DVM U14 2018"]
[Site "Magdeburg GER"]
[Date "2018.12.29"]
[Round "5"]
[White "Zeltner, Richard"]
[Black "Vetter, Moritz Friedrich"]
[Result "0-1"]
[Termination "normal"]
[Board "8.3"]
[WhiteElo "1689"]
[BlackElo "1421"]
[WhiteTeam "SC Erlangen"]
[BlackTeam "SF Brackel"]
[PlyCount "116"]
[WhiteFideId "12972703"]
[BlackFideId "16274962"]
[EventCountry "GER"]
[EventRounds "7"]
[EventType "team-swiss"]
[EventDate "2018.12.26"]

1. e4 e5 2. Nf3 Nc6 3. Bc4 Nf6 4. Ng5 d5 5. exd5 b5 6. Bf1 Nd4 7. c3 Nxd5 8.
cxd4 Qxg5 9. Bxb5+ Kd8 10. Qf3 Bb7 11. O-O Rb8 12. Qh3 Bc8 13. Qd3 Nf4 14. Qg3
Be7 15. Bc4 exd4 16. Re1 d3 17. Nc3 Bf5 18. Qxg5 Bxg5 19. g3 Ne6 20. Ne4 Re8
21. f3 Nd4 22. Kf2 Nc2 23. Bxd3 Nxe1 24. Kxe1 Bxe4 25. fxe4 f5 26. Ke2 fxe4 27.
Bc2 Rb6 28. b3 Rc6 29. Bd1 Rd6 30. Bc2 Re7 31. Rb1 Rc6 32. Bd1 Rce6 33. Bc2 g6
34. b4 e3 35. dxe3 Bxe3 36. Kd3 Rd7+ 37. Kc3 Rc6+ 38. Kb3 Bxc1 39. Rxc1 Rd2 40.
h4 Rg2 41. Rd1+ Rd6 42. Rh1 Rxg3+ 43. Kb2 Rd2 44. Kc1 Rgg2 45. Bb3 Rh2 46. Rf1
Rdf2 47. Rd1+ Ke7 48. Re1+ Re2 49. Rf1 Rxh4 50. Rf7+ Kd8 51. Rf6 Kd7 52. Rf7+
Re7 53. Ba4+ Kd6 54. Rf6+ Re6 55. Rf2 Rxb4 56. Rd2+ Kc5 57. Bb3 Re1+ 58. Kb2
Rd4 1-0

[Event "DVM U14 2018"]
[Site "Magdeburg GER"]
[Date "2018.12.29"]
[Round "5"]
[White "Butusov, Maxim"]
[Black "Wu, Wilfried"]
[Result "1/2-1/2"]
[Termination "normal"]
[Board "8.4"]
[WhiteElo "957"]
[BlackElo "1491"]
[WhiteTeam "SF Brackel"]
[BlackTeam "SC Erlangen"]
[PlyCount "28"]
[WhiteFideId "16264320"]
[BlackFideId "16260775"]
[EventCountry "GER"]
[EventRounds "7"]
[EventType "team-swiss"]
[EventDate "2018.12.26"]

1. e4 e5 2. Nf3 Nc6 3. Bc4 Bc5 4. Nc3 d6 5. d3 Nf6 6. h3 Na5 7. Bg5 h6 8. Bh4
g5 9. Bg3 Nxc4 10. dxc4 Be6 11. Nd2 Qd7 12. Nd5 Bxd5 13. cxd5 Qb5 14. b3 Bd4 {
nicht weiter nachvollziehbar} 1/2-1/2

[Event "DVM U14 2018"]
[Site "Magdeburg GER"]
[Date "2018.12.29"]
[Round "5"]
[White "Meier, Silas"]
[Black "Schuh, Robert"]
[Result "1-0"]
[Termination "normal"]
[Board "9.1"]
[WhiteElo "1758"]
[BlackElo "1512"]
[WhiteTeam "Schachakademie Paderborn"]
[BlackTeam "FVS ASP Hoyerswerda"]
[PlyCount "120"]
[WhiteFideId "16210662"]
[BlackFideId "16215990"]
[EventCountry "GER"]
[EventRounds "7"]
[EventType "team-swiss"]
[EventDate "2018.12.26"]

1. d4 Nf6 2. Nf3 g6 3. c4 Bg7 4. Nc3 d6 5. e4 Nc6 6. Be2 O-O 7. h3 e5 8. d5 Ne7
9. Be3 a6 10. Qd2 Bd7 11. Nh2 b5 12. a3 Rb8 13. c5 Ne8 14. c6 Bc8 15. g4 f5 16.
gxf5 gxf5 17. Bg5 f4 18. Ng4 Nf6 19. O-O-O Bxg4 20. hxg4 Ng6 21. Rh3 Rf7 22.
Rdh1 Bf8 23. Qd1 Be7 24. Bh6 Bf8 25. Qg1 b4 26. axb4 Rxb4 27. g5 Ne8 28. Bg4
Ng7 29. Bxg7 Rxg7 30. Be6+ Kh8 31. Rxh7+ Rxh7 32. Rxh7+ Kxh7 33. Qh2+ Nh4 34.
Qxh4+ Kg6 35. Bf5+ Kf7 36. g6+ Ke8 37. Bd7+ Qxd7 38. cxd7+ Kxd7 39. Qh7+ Kd8
40. g7 Bxg7 41. Qg8+ Kd7 42. Qxg7+ Kd8 43. f3 Rd4 44. Kc2 Rc4 45. Qf8+ Kd7 46.
Qa8 a5 47. Qxa5 Rc5 48. Qa7 Rc4 49. b3 Rc5 50. Kd3 Kc8 51. b4 Rxc3+ 52. Kxc3
Kd7 53. b5 Kd8 54. Qa8+ Kd7 55. Qb8 Ke7 56. Qxc7+ Kf6 57. Qxd6+ Kg5 58. Qxe5+
Kh4 59. Qxf4+ Kh3 60. Qg4+ Kh2 1-0

[Event "DVM U14 2018"]
[Site "Magdeburg GER"]
[Date "2018.12.29"]
[Round "5"]
[White "Wende, Hugo"]
[Black "Yin, Haode"]
[Result "0-1"]
[Termination "normal"]
[Board "9.2"]
[WhiteElo "1573"]
[BlackElo "1696"]
[WhiteTeam "FVS ASP Hoyerswerda"]
[BlackTeam "Schachakademie Paderborn"]
[PlyCount "112"]
[WhiteFideId "16220030"]
[BlackFideId "16261348"]
[EventCountry "GER"]
[EventRounds "7"]
[EventType "team-swiss"]
[EventDate "2018.12.26"]

1. d4 d5 2. c4 e6 3. Nc3 Nf6 4. Bg5 Nbd7 5. Nf3 c6 6. e3 Qa5 7. Qc2 Ne4 8. Bd3
Nxg5 9. Nxg5 dxc4 10. Bxc4 Qxg5 11. O-O Nb6 12. Bd3 h6 13. Ne4 Qd8 14. Rfd1 Be7
15. a4 O-O 16. Nc3 Nd5 17. Nxd5 cxd5 18. Rac1 Bd6 19. Qc3 Bd7 20. a5 Rc8 21.
Qd2 Qe7 22. Qe2 Rxc1 23. Rxc1 Rc8 24. Rb1 e5 25. dxe5 Qxe5 26. g3 Bf5 27. Bxf5
Qxf5 28. Rf1 Qc2 29. Qb5 Qc6 30. Qxc6 bxc6 31. Rd1 Be5 32. b3 Kf8 33. f4 Bc7
34. b4 a6 35. Kf2 Ke7 36. Ke2 Rb8 37. Rd4 Bd6 38. e4 Rxb4 39. Rxb4 Bxb4 40.
exd5 cxd5 41. Kd3 Bxa5 42. Kd4 Kd6 43. h3 Bb6+ 44. Kd3 Kc5 45. Kc3 d4+ 46. Kd2
Kc4 47. f5 a5 48. g4 a4 49. h4 a3 50. Kc2 d3+ 51. Kb1 d2 52. Kc2 a2 53. Kxd2
a1=Q 54. Ke2 Qc3 55. Kd1 Kd3 56. h5 Qa1# 0-1

[Event "DVM U14 2018"]
[Site "Magdeburg GER"]
[Date "2018.12.29"]
[Round "5"]
[White "Nourzad, Shayan"]
[Black "Schuh, Ramon"]
[Result "1-0"]
[Termination "normal"]
[Board "9.3"]
[WhiteElo "1628"]
[BlackElo "1307"]
[WhiteTeam "Schachakademie Paderborn"]
[BlackTeam "FVS ASP Hoyerswerda"]
[PlyCount "49"]
[WhiteFideId "16274890"]
[BlackFideId "16215982"]
[EventCountry "GER"]
[EventRounds "7"]
[EventType "team-swiss"]
[EventDate "2018.12.26"]

1. d4 Nf6 2. Nf3 g6 3. c4 Bg7 4. Nc3 d6 5. e4 Nbd7 6. Be2 O-O 7. h3 e5 8. d5
Nc5 9. Qc2 a5 10. Be3 Nfd7 11. g4 h6 12. Nd2 c6 13. O-O-O Qc7 14. Rdg1 Rb8 15.
Nf1 b6 16. Ng3 Ba6 17. h4 b5 18. dxc6 Nb6 19. cxb5 Bc8 20. Qd1 Be6 21. g5 h5
22. Bxh5 gxh5 23. Nxh5 Kh7 24. Nf6+ Bxf6 25. Qh5+ 1-0

[Event "DVM U14 2018"]
[Site "Magdeburg GER"]
[Date "2018.12.29"]
[Round "5"]
[White "Friedrich, Eddie"]
[Black "Hencke, Lenny"]
[Result "0-1"]
[Termination "normal"]
[Board "9.4"]
[WhiteElo "1142"]
[BlackElo "1193"]
[WhiteTeam "FVS ASP Hoyerswerda"]
[BlackTeam "Schachakademie Paderborn"]
[PlyCount "95"]
[WhiteFideId "16274946"]
[BlackFideId "16274911"]
[EventCountry "GER"]
[EventRounds "7"]
[EventType "team-swiss"]
[EventDate "2018.12.26"]

1. e4 d6 2. d4 Nf6 3. Nc3 Nbd7 4. Bc4 e5 5. Nf3 Be7 6. O-O h6 7. Be3 c6 8. a4
a5 9. h3 Qc7 10. Qd2 Nf8 11. Rfe1 g5 12. Nh2 Nh5 13. d5 Nf4 14. Bxf4 gxf4 15.
Qe2 Nh7 16. dxc6 bxc6 17. Qh5 Bg5 18. Rad1 Rf8 19. Qe2 Nf6 20. Nf3 Bxh3 21.
gxh3 Rg8 22. Kh2 Qd7 23. Rg1 Rh8 24. Rg2 Ke7 25. Rdg1 Rag8 26. h4 Rg7 27. Qd3
Qc8 28. Nd2 Qg8 29. Bb3 h5 30. f3 Ng4+ 31. Kh3 Rg6 32. hxg5 Rxg5 33. Qa6 Nf2+
34. Kh2 Ng4+ 35. Kh3 Nf2+ 36. Rxf2 Rxg1 37. Qb7+ Kf6 38. Qxf7+ Qxf7 39. Bxf7
Kxf7 40. Rg2 Rh1+ 41. Rh2 Rg1 42. Kh4 Rhg8 43. Nc4 Ke6 44. Nxa5 Rc8 45. Kh3
Rg3+ 46. Kh4 Rxf3 47. Rf2 Re3 48. Rh2 0-1

[Event "DVM U14 2018"]
[Site "Magdeburg GER"]
[Date "2018.12.29"]
[Round "5"]
[White "Pomrehn, Ole Magnus"]
[Black "Schröter, Christopher"]
[Result "1/2-1/2"]
[Termination "normal"]
[Board "10.1"]
[WhiteElo "1503"]
[BlackElo "1453"]
[WhiteTeam "SF Schöneck"]
[BlackTeam "1. SC Anhalt"]
[PlyCount "81"]
[WhiteFideId "16232704"]
[BlackFideId "16274970"]
[EventCountry "GER"]
[EventRounds "7"]
[EventType "team-swiss"]
[EventDate "2018.12.26"]

1. g3 d5 2. Bg2 Nf6 3. c4 e6 4. cxd5 exd5 5. Nc3 c6 6. Nf3 Bd6 7. d3 Nbd7 8. a3
a5 9. O-O O-O 10. Rb1 Qe7 11. Re1 Re8 12. Qc2 Qf8 13. Bd2 b5 14. Nd4 Bb7 15. e3
Rec8 16. Qd1 Ra7 17. Nf3 Re8 18. Ra1 Nc5 19. Bf1 a4 20. d4 Nce4 21. Nxe4 Nxe4
22. Bc3 Nxc3 23. bxc3 Bxa3 24. Qc2 Be7 25. Ne5 Bd6 26. Nd3 Qe7 27. Bg2 Bc8 28.
Qd2 Bf5 29. Nb4 Bxb4 30. cxb4 Qd7 31. Qc3 Qd6 32. Rec1 Rc7 33. Ra3 Rec8 34. Qd2
h6 35. Rc5 Be6 36. Rac3 Kf8 37. Qc1 Ke7 38. Bf1 Kd7 39. Qc2 g6 40. Qc1 Bf5 41.
Bg2 1/2-1/2

[Event "DVM U14 2018"]
[Site "Magdeburg GER"]
[Date "2018.12.29"]
[Round "5"]
[White "Böhm, Florian"]
[Black "Tiggemann, Felix"]
[Result "0-1"]
[Termination "normal"]
[Board "10.2"]
[WhiteElo "1443"]
[BlackElo "1510"]
[WhiteTeam "1. SC Anhalt"]
[BlackTeam "SF Schöneck"]
[PlyCount "86"]
[WhiteFideId "16274989"]
[BlackFideId "16221966"]
[EventCountry "GER"]
[EventRounds "7"]
[EventType "team-swiss"]
[EventDate "2018.12.26"]

1. c4 e6 2. d3 d5 3. cxd5 exd5 4. Nf3 c5 5. g3 Be6 6. Bg2 Qd7 7. O-O Nf6 8. d4
c4 9. Ne5 Qc8 10. Bg5 Ne4 11. Bf4 Nd7 12. Nd2 Nxd2 13. Qxd2 Nxe5 14. Bxe5 f6
15. Bf4 Be7 16. Rac1 Bh3 17. Qa5 Bxg2 18. Kxg2 Qd8 19. Qb5+ Qd7 20. Qxd7+ Kxd7
21. f3 Rac8 22. e4 dxe4 23. fxe4 Rc6 24. e5 Ke6 25. Rfd1 Kd5 26. g4 Rhc8 27.
Rd2 b5 28. Kf3 b4 29. Ke3 a5 30. Rdc2 a4 31. h4 h6 32. Bh2 g6 33. Bf4 g5 34.
hxg5 hxg5 35. Bg3 b3 36. axb3 axb3 37. Rh2 c3 38. Rd1 c2 39. Rc1 Ba3 40. Rhxc2
Rxc2 41. Rd1 Bxb2 42. exf6 Ba3 43. f7 Rc1 0-1

[Event "DVM U14 2018"]
[Site "Magdeburg GER"]
[Date "2018.12.29"]
[Round "5"]
[White "Albrecht, Samuel"]
[Black "Lautenschläger, Friedrich"]
[Result "1/2-1/2"]
[Termination "normal"]
[Board "10.3"]
[WhiteElo "1062"]
[BlackElo "1364"]
[WhiteTeam "SF Schöneck"]
[BlackTeam "1. SC Anhalt"]
[PlyCount "79"]
[WhiteFideId "16274920"]
[BlackFideId "16274997"]
[EventCountry "GER"]
[EventRounds "7"]
[EventType "team-swiss"]
[EventDate "2018.12.26"]

1. e4 e5 2. Nf3 Nc6 3. Bc4 Bc5 4. Nc3 d6 5. h3 Nge7 6. O-O O-O 7. d3 Ng6 8. Be3
Bd4 9. Bxd4 Nxd4 10. Nxd4 exd4 11. Ne2 c5 12. c3 dxc3 13. Nxc3 a6 14. a4 Be6
15. Qd2 Ne5 16. Bxe6 fxe6 17. Rad1 Ng6 18. Ne2 Qh4 19. Qe3 e5 20. Qg3 Qh5 21.
Qg4 Qxg4 22. hxg4 Nf4 23. Nxf4 Rxf4 24. f3 b5 25. b3 bxa4 26. bxa4 Rb8 27. Rb1
Rff8 28. a5 Rb5 29. Rxb5 axb5 30. Rb1 b4 31. Kf2 Ra8 32. Ra1 Ra6 33. Ke3 g5 34.
Kd2 Kf7 35. Kc2 Ke6 36. Kb3 Kd7 37. Kc4 Kc6 38. Ra2 Ra7 39. Ra1 Ra6 40. Ra2
1/2-1/2

[Event "DVM U14 2018"]
[Site "Magdeburg GER"]
[Date "2018.12.29"]
[Round "5"]
[White "Kopvillem, Mikhail"]
[Black "Albrecht, Joel"]
[Result "0-1"]
[Termination "normal"]
[Board "10.4"]
[WhiteElo "1089"]
[BlackElo "774"]
[WhiteTeam "1. SC Anhalt"]
[BlackTeam "SF Schöneck"]
[PlyCount "76"]
[WhiteFideId "16275004"]
[BlackFideId "16274938"]
[EventCountry "GER"]
[EventRounds "7"]
[EventType "team-swiss"]
[EventDate "2018.12.26"]

1. b4 Nf6 2. Bb2 g6 3. Nf3 Bg7 4. c4 d6 5. Nc3 O-O 6. e3 Bg4 7. Be2 Nc6 8. b5
Na5 9. O-O Bxf3 10. gxf3 c6 11. a4 a6 12. d4 d5 13. c5 Nc4 14. Bxc4 dxc4 15.
Qe2 axb5 16. axb5 Rxa1 17. Rxa1 cxb5 18. Nxb5 Qd5 19. e4 Qe6 20. Ra4 Nh5 21.
Bc1 Rd8 22. Rxc4 Qc6 23. Rb4 b6 24. Be3 bxc5 25. dxc5 Ra8 26. Qc4 Ra1+ 27. Kg2
g5 28. Qd3 Nf4+ 29. Bxf4 gxf4 30. Rb1 Rxb1 31. Qxb1 Qxc5 32. Qd3 Qg5+ 33. Kh1
h5 34. Qf1 h4 35. Nc7 e6 36. Qg2 Qe7 37. Nb5 Qc5 38. Qf1 Qh5 {nicht weiter
nachvoolzeihbar} 0-1

[Event "DVM U14 2018"]
[Site "Magdeburg GER"]
[Date "2018.12.29"]
[Round "6"]
[White "Weihrauch, Jakob"]
[Black "Astner, Sebastian"]
[Result "0-1"]
[Termination "normal"]
[Board "1.1"]
[WhiteElo "2087"]
[BlackElo "1907"]
[WhiteClock "00:06:11"]
[BlackClock "00:03:17"]
[WhiteTeam "Hamburger SK"]
[BlackTeam "FC Ergolding"]
[PlyCount "70"]
[WhiteFideId "16210115"]
[BlackFideId "12979422"]
[EventCountry "GER"]
[EventRounds "7"]
[EventType "team-swiss"]
[EventDate "2018.12.26"]

1. e4 {[%clk 1:30:58]} b6 {[%clk 1:30:47]} 2. d4 {[%clk 1:31:14]} Bb7 {[%clk
1:31:16]} 3. Bd3 {[%clk 1:31:21]} Nf6 {[%clk 1:31:41]} 4. Nd2 {[%clk 1:31:04]}
e6 {[%clk 1:31:58]} 5. Ngf3 {[%clk 1:31:11]} d5 {[%clk 1:32:02]} 6. e5 {[%clk
1:31:05]} Ne4 {[%clk 1:32:27]} 7. Qe2 {[%clk 1:30:29]} Nxd2 {[%clk 1:31:55]} 8.
Bxd2 {[%clk 1:30:07]} c5 {[%clk 1:31:52]} 9. c3 {[%clk 1:30:02]} Nc6 {[%clk
1:31:38]} 10. O-O {[%clk 1:29:43]} Be7 {[%clk 1:31:40]} 11. Qe3 {[%clk
1:23:01]} O-O {[%clk 1:28:50]} 12. Ne1 {[%clk 1:21:36]} Qd7 {[%clk 1:25:39]}
13. Qh3 {[%clk 1:14:40]} g6 {[%clk 1:18:42]} 14. Nf3 {[%clk 1:08:14]} f5 {[%clk
1:15:58]} 15. Bh6 {[%clk 1:00:27]} Rf7 {[%clk 1:11:25]} 16. Bb5 {[%clk
0:54:58]} Rc8 {[%clk 0:52:34]} 17. Qg3 {[%clk 0:49:25]} Bf8 {[%clk 0:40:35]}
18. Bd2 {[%clk 0:44:45]} Bg7 {[%clk 0:37:53]} 19. h4 {[%clk 0:43:38]} Rcf8
{[%clk 0:33:54]} 20. Bf4 {[%clk 0:36:11]} Qe8 {[%clk 0:29:58]} 21. h5 {[%clk
0:33:52]} gxh5 {[%clk 0:26:13]} 22. Qh4 {[%clk 0:25:59]} Rd7 {[%clk 0:24:55]}
23. dxc5 {[%clk 0:19:07]} bxc5 {[%clk 0:17:44]} 24. Be3 {[%clk 0:18:15]} d4
{[%clk 0:08:58]} 25. cxd4 {[%clk 0:17:24]} Qg6 {[%clk 0:07:26]} 26. g3 {[%clk
0:07:01]} f4 {[%clk 0:05:12]} 27. Bxf4 {[%clk 0:07:01]} Nxd4 {[%clk 0:05:29]}
28. Nxd4 {[%clk 0:07:21]} Rxd4 {[%clk 0:05:53]} 29. Qg5 {[%clk 0:06:34]} Rfxf4
{[%clk 0:03:33]} 30. Qxg6 {[%clk 0:06:47]} hxg6 {[%clk 0:04:02]} 31. gxf4
{[%clk 0:07:06]} Rxf4 {[%clk 0:04:31]} 32. Rae1 {[%clk 0:05:02]} Bf3 {[%clk
0:02:51]} 33. Be2 {[%clk 0:05:26]} Rg4+ {[%clk 0:03:17]} 34. Kh2 {[%clk
0:05:51]} Bxe5+ 35. Kh3 {[%clk 0:06:11]} Bg2# 0-1

[Event "DVM U14 2018"]
[Site "Magdeburg GER"]
[Date "2018.12.29"]
[Round "6"]
[White "Lohr, Maximilian"]
[Black "Kotyk, Michael"]
[Result "1/2-1/2"]
[Termination "normal"]
[Board "1.2"]
[WhiteElo "1940"]
[BlackElo "2016"]
[WhiteClock "01:15:20"]
[BlackClock "00:59:23"]
[WhiteTeam "FC Ergolding"]
[BlackTeam "Hamburger SK"]
[PlyCount "44"]
[WhiteFideId "12999717"]
[BlackFideId "16214501"]
[EventCountry "GER"]
[EventRounds "7"]
[EventType "team-swiss"]
[EventDate "2018.12.26"]

1. e4 c5 2. Nf3 Nc6 3. d4 cxd4 4. Nxd4 Nf6 5. Nc3 e5 6. Ndb5 h6 7. Nd6+ Bxd6 8.
Qxd6 Qe7 9. Qxe7+ Kxe7 10. Be3 d6 11. f3 Be6 12. O-O-O a6 13. Kb1 Rac8 14. Na4
Nd7 15. b3 b5 16. Nb2 g6 17. c4 b4 18. Be2 Nc5 19. Rd2 f5 20. Bxc5 dxc5 21. Nd3
Rhd8 22. Rhd1 Rxd3 1/2-1/2

[Event "DVM U14 2018"]
[Site "Magdeburg GER"]
[Date "2018.12.29"]
[Round "6"]
[White "von Krosigk, Florian"]
[Black "Sowka, Patrick"]
[Result "1-0"]
[Termination "normal"]
[Board "1.3"]
[WhiteElo "1935"]
[BlackElo "1571"]
[WhiteClock "00:23:56"]
[BlackClock "00:21:01"]
[WhiteTeam "Hamburger SK"]
[BlackTeam "FC Ergolding"]
[PlyCount "84"]
[WhiteFideId "16227808"]
[BlackFideId "16234944"]
[EventCountry "GER"]
[EventRounds "7"]
[EventType "team-swiss"]
[EventDate "2018.12.26"]

1. e4 {[%clk 1:30:57]} e5 {[%clk 1:30:53]} 2. Nf3 {[%clk 1:31:15]} Nf6 {[%clk
1:31:14]} 3. Nc3 {[%clk 1:30:14]} Nc6 {[%clk 1:30:29]} 4. Bb5 {[%clk 1:21:18]}
Bc5 {[%clk 1:24:54]} 5. d3 {[%clk 1:19:21]} d6 {[%clk 1:21:31]} 6. h3 {[%clk
1:17:58]} a6 {[%clk 1:21:37]} 7. Ba4 {[%clk 1:17:23]} Bd7 {[%clk 1:21:01]} 8.
O-O {[%clk 1:17:34]} Qe7 {[%clk 1:20:05]} 9. Re1 {[%clk 1:14:41]} O-O-O {[%clk
1:16:57]} 10. Be3 {[%clk 1:12:51]} Nd4 {[%clk 1:17:03]} 11. Bxd7+ Qxd7 {[%clk
1:17:27]} 12. Bxd4 {[%clk 1:11:02]} Bxd4 {[%clk 1:17:06]} 13. Rb1 {[%clk
0:58:04]} g6 14. Nxd4 {[%clk 0:48:05]} exd4 {[%clk 1:15:21]} 15. Ne2 {[%clk
0:48:29]} c5 {[%clk 1:15:27]} 16. c3 {[%clk 0:48:24]} dxc3 {[%clk 1:15:19]} 17.
bxc3 {[%clk 0:45:55]} Qe6 {[%clk 1:07:53]} 18. Nf4 Qxa2 {[%clk 1:00:04]} 19.
Re2 {[%clk 0:43:34]} Qa5 {[%clk 1:00:04]} 20. Qb3 {[%clk 0:43:37]} Qc7 {[%clk
0:59:16]} 21. Reb2 {[%clk 0:42:55]} Rd7 {[%clk 0:56:26]} 22. Nd5 {[%clk
0:30:46]} Nxd5 23. exd5 {[%clk 0:30:31]} g5 {[%clk 0:41:28]} 24. Qa4 {[%clk
0:29:51]} b5 {[%clk 0:27:04]} 25. Qxa6+ {[%clk 0:29:51]} Qb7 {[%clk 0:27:29]}
26. Qa5 Rhd8 {[%clk 0:23:18]} 27. Rxb5 {[%clk 0:29:32]} Qa7 28. Rb6 Rb7 {[%clk
0:19:36]} 29. Rc6+ {[%clk 0:29:14]} Kd7 30. Rxb7+ {[%clk 0:19:15]} Qxb7 {[%clk
0:19:45]} 31. Rxd6+ Kxd6 {[%clk 0:19:22]} 32. Qxd8+ {[%clk 0:19:41]} Ke5 {[%clk
0:19:13]} 33. Qxg5+ {[%clk 0:20:22]} f5 {[%clk 0:18:49]} 34. f4+ {[%clk
0:20:50]} Kxd5 35. Qxf5+ Kd6 {[%clk 0:19:01]} 36. Qf6+ {[%clk 0:21:16]} Kc7
{[%clk 0:18:44]} 37. Qe7+ {[%clk 0:21:43]} Kb6 {[%clk 0:19:07]} 38. Qxb7+
{[%clk 0:22:10]} Kxb7 {[%clk 0:19:33]} 39. f5 {[%clk 0:22:36]} Kc6 {[%clk
0:20:00]} 40. Kf2 {[%clk 0:22:56]} Kd5 {[%clk 0:20:18]} 41. Ke3 {[%clk
0:23:44]} Ke5 {[%clk 0:20:40]} 42. g4 {[%clk 0:23:56]} h5 {[%clk 0:21:01]} 1-0

[Event "DVM U14 2018"]
[Site "Magdeburg GER"]
[Date "2018.12.29"]
[Round "6"]
[White "Yi, Danny"]
[Black "Zeuner, Ole"]
[Result "1-0"]
[Termination "normal"]
[Board "2.1"]
[WhiteElo "2133"]
[BlackElo "1848"]
[WhiteClock "00:15:54"]
[BlackClock "00:00:56"]
[WhiteTeam "SF 59 Kornwestheim"]
[BlackTeam "Schachzwerge Magdeburg"]
[PlyCount "71"]
[WhiteFideId "12988588"]
[BlackFideId "12943576"]
[EventCountry "GER"]
[EventRounds "7"]
[EventType "team-swiss"]
[EventDate "2018.12.26"]

1. e4 {[%clk 1:30:57]} e5 {[%clk 1:30:54]} 2. Nf3 {[%clk 1:31:24]} Nc6 {[%clk
1:31:17]} 3. Bc4 {[%clk 1:31:49]} Bc5 {[%clk 1:31:42]} 4. O-O {[%clk 1:31:50]}
Nf6 {[%clk 1:31:48]} 5. d3 {[%clk 1:32:03]} O-O {[%clk 1:31:58]} 6. c3 {[%clk
1:32:13]} d6 {[%clk 1:32:06]} 7. a4 {[%clk 1:32:36]} a5 {[%clk 1:32:07]} 8. h3
{[%clk 1:32:42]} Ba7 {[%clk 1:32:19]} 9. Nbd2 {[%clk 1:32:53]} Ne7 {[%clk
1:32:16]} 10. Re1 {[%clk 1:32:44]} Ng6 {[%clk 1:32:02]} 11. Nf1 {[%clk
1:32:31]} c6 {[%clk 1:25:30]} 12. Bb3 {[%clk 1:32:30]} Nh5 {[%clk 1:16:56]} 13.
d4 {[%clk 1:26:49]} exd4 {[%clk 1:07:32]} 14. cxd4 {[%clk 1:25:41]} d5 {[%clk
1:06:13]} 15. Bg5 {[%clk 1:14:55]} f6 {[%clk 1:03:33]} 16. Be3 {[%clk 1:13:12]}
Nhf4 {[%clk 0:59:05]} 17. Qd2 {[%clk 1:05:35]} Bb8 {[%clk 0:57:41]} 18. Bxf4
{[%clk 1:00:04]} Bxf4 {[%clk 0:53:01]} 19. Qd3 {[%clk 0:58:48]} Be6 {[%clk
0:47:17]} 20. Ne3 {[%clk 0:56:24]} Ne7 {[%clk 0:43:48]} 21. Bc2 {[%clk
0:49:34]} Ng6 {[%clk 0:34:51]} 22. exd5 {[%clk 0:46:30]} cxd5 {[%clk 0:33:06]}
23. Nh4 {[%clk 0:34:11]} Bf7 {[%clk 0:30:37]} 24. Nef5 {[%clk 0:32:19]} Re8
{[%clk 0:26:01]} 25. Rxe8+ {[%clk 0:30:45]} Qxe8 26. Nxg6 {[%clk 0:30:39]} Bxg6
{[%clk 0:23:55]} 27. Qf3 {[%clk 0:29:45]} Bd2 {[%clk 0:19:29]} 28. Qxd5+ {[%clk
0:23:51]} Bf7 {[%clk 0:17:03]} 29. Qf3 {[%clk 0:23:56]} Qd7 {[%clk 0:15:06]}
30. Rd1 {[%clk 0:22:23]} Bb4 {[%clk 0:14:28]} 31. Qg4 {[%clk 0:15:02]} Be6
{[%clk 0:09:37]} 32. Bb3 {[%clk 0:15:24]} Re8 {[%clk 0:02:27]} 33. Bxe6+ {[%clk
0:15:22]} Rxe6 {[%clk 0:02:50]} 34. Nxg7 {[%clk 0:15:08]} Re1+ {[%clk 0:00:37]}
35. Rxe1 {[%clk 0:15:33]} Qxg4 {[%clk 0:00:56]} 36. Re8+ {[%clk 0:15:54]} 1-0